Analýza vkladov a úverov v jednotlivých krajoch Slovenskej republiky bakalárska práca

Gespeichert in:
Bibliographische Detailangaben
1. Verfasser: Vozár, Jakub
Körperschaft: Fakulta hospodárskej informatiky EU. Katedra štatistiky
Weitere Verfasser: Izakovičová, Michaela
Format: Buch
Sprache:Slowakisch
Veröffentlicht: Bratislava 2015
Tags: Tag hinzufügen
Keine Tags, Fügen Sie das erste Tag hinzu!

MARC

LEADER 00000nbm a2200000 4500
001 0204159
005 20161212114634.8
041 0 |a slo 
044 |a SK 
245 1 0 |a Analýza vkladov a úverov v jednotlivých krajoch Slovenskej republiky  |b bakalárska práca  |c Jakub Vozár ; školiteľ: Michaela Izakovičová 
264 1 |a Bratislava  |c 2015 
300 |a 45 s. 
100 1 |a Vozár, Jakub 
700 1 |a Izakovičová, Michaela 
710 2 |a Fakulta hospodárskej informatiky EU. Katedra štatistiky